Southville International School and Colleges
Your cart is empty.
  • Cart
  • Lists
    Public lists Eva Luna New books Lux_list list_1
    Your lists Log in to create your own lists
  • Log in to your account
  • Your cookies
  • Search history
Southville International School and Colleges
  • Advanced search
  • Recent comments
  • Most popular
  • Libraries

Log in to your account

Log in with GOOGLE


If you do not have an external account, but do have a local account, you can still log in:

  1. Home
  2. MARC view: International economics
Normal view MARC view ISBD view

International economics (Record no. 15152)

[ view plain ]
MARC details
000 -LEADER
fixed length control field 01349cam a2200373 a 4500
001 - CONTROL NUMBER
control field 12118913
003 - CONTROL NUMBER IDENTIFIER
control field OSt
005 - DATE AND TIME OF LATEST TRANSACTION
control field 20140310182659.0
008 - FIXED-LENGTH DATA ELEMENTS--GENERAL INFORMATION
fixed length control field 000726s2001 maua bs 001 0 eng
010 ## - LIBRARY OF CONGRESS CONTROL NUMBER
LC control number 00061617
020 ## - INTERNATIONAL STANDARD BOOK NUMBER
International Standard Book Number 0071210415
040 ## - CATALOGING SOURCE
Original cataloging agency DLC
Transcribing agency DLC
Modifying agency DLC
050 00 - LIBRARY OF CONGRESS CALL NUMBER
Classification number HF 1359
Item number .Ap652 2002
082 00 - DEWEY DECIMAL CLASSIFICATION NUMBER
Classification number M 337
-- 21
Item number Ap5 2002
100 1# - MAIN ENTRY--PERSONAL NAME
Personal name Appleyard, Dennis R.
245 10 - TITLE STATEMENT
Title International economics
Statement of responsibility, etc Appleyard, Dennis R.
250 ## - EDITION STATEMENT
Edition statement 4th ed.
260 ## - PUBLICATION, DISTRIBUTION, ETC. (IMPRINT)
Place of publication, distribution, etc Boston, Mass.
Name of publisher, distributor, etc McGraw-Hill/Irwin
Date of publication, distribution, etc c2002
300 ## - PHYSICAL DESCRIPTION
Extent xxvi, 752 p.
Other physical details ill. (some col.)
Dimensions 27 cm.
504 ## - BIBLIOGRAPHY, ETC. NOTE
Bibliography, etc Includes bibliographical references (p. 719-738) and index.
521 ## - TARGET AUDIENCE NOTE
Target audience note
526 ## - STUDY PROGRAM INFORMATION NOTE
Reading level 1210L to 1700L
541 ## - IMMEDIATE SOURCE OF ACQUISITION NOTE
-- 1
562 ## - COPY AND VERSION IDENTIFICATION NOTE
Number of copies for circulation. 1 copy available in the collection
650 #0 - SUBJECT ADDED ENTRY--TOPICAL TERM
Topical term or geographic name as entry element International economic relations.
650 #0 - SUBJECT ADDED ENTRY--TOPICAL TERM
Topical term or geographic name as entry element International trade.
650 #0 - SUBJECT ADDED ENTRY--TOPICAL TERM
Topical term or geographic name as entry element International finance.
700 1# - ADDED ENTRY--PERSONAL NAME
Personal name Field, Alfred J.
856 42 - ELECTRONIC LOCATION AND ACCESS
Materials specified Publisher description
Uniform Resource Identifier <a href="http://www.loc.gov/catdir/description/mh021/00061617.html">http://www.loc.gov/catdir/description/mh021/00061617.html</a>
856 41 - ELECTRONIC LOCATION AND ACCESS
Materials specified Table of contents
Uniform Resource Identifier <a href="http://www.loc.gov/catdir/toc/mh021/00061617.html">http://www.loc.gov/catdir/toc/mh021/00061617.html</a>
906 ## - LOCAL DATA ELEMENT F, LDF (RLIN)
a 7
b cbc
c orignew
d 1
e ocip
f 20
g y-gencatlg
942 ## - ADDED ENTRY ELEMENTS (KOHA)
Source of classification or shelving scheme Library of Congress Classification
Koha item type Books
Call number prefix
Holdings
Withdrawn status Lost status Source of classification or shelving scheme Damaged status Home library Current library Shelving location Date acquired Total Checkouts Full call number Barcode Date last seen Copy number Price effective from Koha item type
    Library of Congress Classification   College Library College Library General Circulation Section 04/18/2012   HF 1359 .Ap652 2002 c4042 05/15/2018 1 04/18/2012 Books

International economics

APA

Appleyard D. R., Field A. J., . (2002). International economics. Boston, Mass: McGraw-Hill/Irwin.

Chicago

Appleyard Dennis R, Field Alfred J, . 2002. International economics. Boston, Mass: McGraw-Hill/Irwin.

Harvard

Appleyard D. R., Field A. J., . (2002). International economics. Boston, Mass: McGraw-Hill/Irwin.

MLA

Appleyard Dennis R, Field Alfred J, . International economics. Boston, Mass: McGraw-Hill/Irwin. 2002.

  • Place hold
  • Print
  • Cite
  • Add to your cart (remove)
  • Save record
    BIBTEX Dublin Core MARCXML MARC (non-Unicode/MARC-8) MARC (Unicode/UTF-8) MARC (Unicode/UTF-8, Standard) MODS (XML) RIS
  • More searches
    Search for this title in:
    Other Libraries (WorldCat) Other Databases (Google Scholar) Online Stores (Bookfinder.com) Open Library (openlibrary.org)

Exporting to Dublin Core...

SOUTHVILLE LIBRARY

Southville International School and Colleges Library

1281 Tropical Ave. Cor. Luxembourg St., BF Homes International, Las Pinas City

Tel. No. 8256374 / 252358 Loc. 117/146

Powered by Koha